| 000 | 00933nam a2200325Ia 4500 | ||
|---|---|---|---|
| 001 | Z_6372 | ||
| 003 | CHAP | ||
| 008 | 220113s9999 xx 000 0 und d | ||
| 010 | _a169629 | ||
| 020 | _a978-607-448-057-3 | ||
| 040 | _cCHAP | ||
| 082 | _a636.089 G88 | ||
| 100 |
_aGutiérrez Pabello, José Ángel _9144591 |
||
| 245 |
_aInmunología veterinaria / _cJosé Ángel Gutiérrez Pabello; editor José Luis Morales Saavedra |
||
| 260 |
_aMéxico : _bEl Manual Moderno, _c |
||
| 300 | _axvi, 360 p. | ||
| 503 | _aej.1: 0113 \ ej.2: 0114 | ||
| 504 | _aIncluye bibliografía y glosario | ||
| 650 |
_aInmunidad _958814 |
||
| 650 | 0 |
_aInmunología veterinaria _958821 |
|
| 650 |
_amedicina veterinaria _9137478 |
||
| 650 |
_aVacunación _9117177 |
||
| 700 |
_aMorales Saavedra, José Luis, ed. _9144592 |
||
| 901 | _a636.089 G88 | ||
| 902 | _aM | ||
| 910 | _a | ||
| 942 | _c1 | ||
| 942 | _cc1 | ||
| 999 |
_c169629 _d169629 |
||